000 01200nam a2200313 i 4500
003 EG-GICUC
005 20260121101740.0
008 260119s1971 ua ||||fr|||| 00| 0 ara d
040 _a EG-GICUC
_bara
_c EG-GICUC
_d EG-GICUC
_erda
041 0 _aara
082 0 4 _221
_a345.250531
_b م ص . م
092 0 4 _221
099 _aLaw1 07 345.250531 م ص . م 1971
100 0 _a مصطفى أحمد فهمي
_eمؤلف.
245 1 2 _aالمجالس المحلية بالمملكة العربية السعودية /
_cدكتور مصطفى أحمد فهمي.
264 1 _aالقاهرة :
_bالمنظمة العريبة للعلوم الإدارية ،
_c1971.
300 _a36؛صفحة
_c24 سم
336 _2rda content
_atext
337 _2rda media
_aComputer
338 _2rda carrier
_aOnline Resource
490 _v73
500 _aيتضمن قائمة تصويب الأخطاء.
546 _aالنص أغلبه باللغة العربية بعض النصوص الإنجليزية والفرنسية
650 1 _aالحكم المحلي
_2qrmak
651 1 _2qrmak
856 4 0 _uhttps://fll.law.cu.edu.eg/fulltext/bks/B07-00187.pdf
905 _a74
942 _2ddc
_n0
_cBK
_e21
999 _c57801
_d57801